| 000 | 00882cab a2200277 4500 | ||
|---|---|---|---|
| 001 | WB3404-24 | ||
| 008 | 090401t1998 xxu||||| |||| 00| 0 eng d | ||
| 035 | _a(Sirsi) u83397 | ||
| 041 | _aeng | ||
| 245 | _aFootball grounds prove popular | ||
| 260 | _c1998 | ||
| 350 | _a0 | ||
| 490 |
_aDaily Telegraph _v28 January 1998, 33(2) |
||
| 520 | _aFootball grounds are proving to be an incentive to potential home buyers. Prices in Arsenal remain buoyant and a complex of new flats next to the Chelsea football ground is almost sold out. | ||
| 650 | _aARSENAL FOOTBALL CLUB | ||
| 650 | _aARSENAL | ||
| 650 | _aCHELSEA | ||
| 650 | _aFOOTBALL CLUBS | ||
| 650 | _aFOOTBALL GROUNDS | ||
| 650 | _aHOUSE PRICES | ||
| 650 | _aHOUSE VALUES | ||
| 650 | _aPROXIMITY | ||
| 690 | _aPROPERTY-RESIDENTIAL PROPERTY-RESIDENTIAL PROPERTY MARKET | ||
| 942 | _n0 | ||
| 948 | _c29/01/1998 | ||
| 999 |
_c52675 _d52675 |
||